UBT Library

Discrete structures, logic, and computability / (Record no. 857)

000 -LEADER
fixed length control field 00526nam a22001697a 4500
008 - FIXED-LENGTH DATA ELEMENTS--GENERAL INFORMATION
fixed length control field 150520b xxu||||| |||| 00| 0 eng d
020 ## - INTERNATIONAL STANDARD BOOK NUMBER
International Standard Book Number 0763718432
080 ## - UNIVERSAL DECIMAL CLASSIFICATION NUMBER
Universal Decimal Classification number 16
100 ## - Rafti
Rafti Hein, James L.
245 00 - TITLE STATEMENT
Title Discrete structures, logic, and computability /
260 ## -
-- Boston :
-- Jones and Bartlett Publishers,
-- 2001.
300 ## -
-- 943 f. :
-- me il. ;
-- 24 cm.
505 ## -
-- Index: 929-943
650 #0 -
-- Strukturat diskrete, logjika, dhe kompjuetshmeria
650 #0 -
-- shkenca kompjuterike
942 ## - ADDED ENTRY ELEMENTS (KOHA)
Source of classification or shelving scheme
Item type Books
Holdings
Withdrawn status Lost status Source of classification or shelving scheme Damaged status Not for loan Collection code Permanent location Current location Shelving location Date acquired Total Checkouts Full call number Barcode Date last seen Price effective from Koha item type
          Koleksioni i përgjithshem UBT - Lipjan UBT - Lipjan Koleksioni i përgjithshem 05/20/2015   16 JAM 9780763718435 05/20/2015 05/20/2015 Books
UBT Library © 2015-2024. All rights reserved University Education for Business and Technology